00683nam a2200229 a 4500001001300000003000900013005001700022008004100039020002500080082001300105100002000118245003300138260003600171300000900207500003500216505003400251650002400285902000800309942000700317952011400324999001500438nice12345678IN_TiNIC20260116012745.0050524s1986 newa grp 000 0 eng  a0135541 c367.500a956bARM aArmajani, Yahya aMiddle East Past and Present aNew JerseybPrentice-Hallc1986 a466p aincludes index and biblioraphy2 aGlossary, Index, Bibliography aMiddle East-History bSRS cBK 001040708StackRoom-aHMIbHMId2010-01-13g367.50l0o956 ARMp014983r2010-01-13v367.50w2005-05-24yBK c8248d8248